000 01470cam a22003854i 4500
003 PE-LiUPU
005 20250731175644.0
008 150616s r 000 0 d
035 _a(Sirsi) a5801
040 _aPE-LiUPU
_bspa
_cPE-LiUPU
_erda
049 _aPRUA
082 0 4 _a470.415
_bS73
_221
110 2 _aD. B. S.
245 1 0 _aGramática y Ejercicios Latinos.
264 1 _aLima :
_bInstitituto Industrial Salesiano,
_c
300 _a158 páginas ;
_c20 cm.
336 _atext
_2rdacontent
337 _aunmediated
_2rdamedia
338 _avolume
_2rdacarrier
505 0 _aPronunciación -- Segunda declinación -- Declinación Griega -- El verbo ser -- Primera y segunda conjugaciones regulares activas -- Tercera y cuarta conjugación regular activa -- Verbos impersonales -- Los adverbios -- Preposición.
526 _aP145
526 _aP127
526 _aP97
526 _aP35
526 _aP14
526 _aP07
650 0 4 _aLATIN - GRAMATICA.
910 _ajck
_bjvq
_cjck
942 _2ddc
_cBOOK
949 _a470.415 S73
_wDEWEY
_c1
_i39249
_lCCODEBUL1
_mBUL
_p00.00
_r0
_sY
_tBOOK
_u19951008
_xTEOLOGIA
_zUNKNOWN
_0COMPRA
_o.STAFF. Colección General
994 _aC0
_bPEPRU
596 _a1
999 _a470.415 S73
_wDEWEY
_c56868
_i39249
_f2021-11-12
_g5
_lCCODEBUL1
_mBUL
_r0
_sY
_tBOOK
_u2015-6-16
_xTEOLOGIA
_zUNKNOWN
_0COMPRA
_o.STAFF. Colección General
_d56868
980 _81
_gALBERTO SANCHEZ Responsable de Automatización